Guess where the food is from. Asia. - Statistics

General Stats
  • This quiz has been taken 137 times
  • The average score is 9 of 15
Answer Stats
Picture Answer % Correct
Japan
99%
China
88%
India
85%
Thailand
81%
Vietnam
79%
Indonesia
63%
Turkey
60%
Singapore
50%
Iran
49%
Mongolia
48%
Sri Lanka
43%
Saudi Arabia
38%
Yemen
32%
Kazakhstan
27%
Armenia
26%
No matching quizzes found
Score Distribution
Percent of People with Each Score
Percentile by Number Answered
Your Score History
You have not taken this quiz